Estadísticas para Plantilla Sevilla FC Femenino 2023/24

Haz click aquí para intentar la prueba.

Estadísticas generales

  • Esta prueba ha sido intentada 4 veces
  • La puntuación promedio es 13 de 21

Estadísticas de respuestas

DorsalPosiciónJugadora% Correcto
1POREsther Sullastres
100%
10DELInma Gabarro
100%
29 (c)DELAlba Cerrato
75%
23MEDAmanda Sampedro
75%
16MEDMaría Pérez
75%
14DEFNazareth Martín
75%
13PORYolanda Aguirre
75%
30 (c)DEFAlba López
50%
9DELAna Franco
50%
20DEFArola Aparicio
50%
19DELCristina Martín-Prieto
50%
17DEFDébora García
50%
3DEFDiana Gomes
50%
5DEFEva Llamas
50%
21MEDGemma Gili
50%
18MEDKlára Cahynová
50%
12DEFLucía Rodríguez
50%
6MEDPamela González
50%
7DEFRosa Otermín
50%
4DEFTeresa Mérida
50%
11DELToni Payne
50%

Distribución de puntuación

Porcentaje por número respondido

Porcentaje de gente con cada puntuación

Historial de tus puntuaciones

No has intentado esta prueba.